A history of chemistry.

Saved in:
Bibliographic Details
Main Author: Partington, J. R. (James Riddick), 1886-1965
Format: Book
Language:English
Published: London : Macmillan, 1961-.
Subjects:
LEADER 01075nam a2200265 i 4500
001 c000306698
003 CARM
005 00000000000000.0
008 840316s1961 enk 0 eng d
019 1 |a 57994260  |5 LACONCORD2021 
035 |a (OCoLC)318396  |5 LACONCORD2021 
082 0 4 |a 540.9 
100 1 |a Partington, J. R.  |q (James Riddick),  |d 1886-1965. 
245 1 2 |a A history of chemistry. 
260 |a London :  |b Macmillan,  |c 1961-. 
300 |a v. 
650 0 |a Chemistry  |x History. 
650 0 |a Chemistry. 
852 8 |b CARM  |h A1:AQ24F0  |i C10830  |p 0503476  |f BK 
852 8 |b CARM  |h A1:AQ24F0  |i C10830  |p 0503475  |f BK 
852 8 |b CARM  |h A1:AQ24F0  |i C10830  |p 0503474  |f BK 
999 f f |i e85da5c6-304c-5c61-b7a5-3f815204245b  |s 222e3af1-d0d7-5065-9753-122df0ed7065 
952 f f |p Can circulate  |a CAVAL  |b CAVAL  |c CAVAL  |d CARM 1 Store  |e C10830  |f A1:AQ24F0  |h Other scheme  |i book  |m 0503476 
952 f f |p Can circulate  |a CAVAL  |b CAVAL  |c CAVAL  |d CARM 1 Store  |e C10830  |f A1:AQ24F0  |h Other scheme  |i book  |m 0503475 
952 f f |p Can circulate  |a CAVAL  |b CAVAL  |c CAVAL  |d CARM 1 Store  |e C10830  |f A1:AQ24F0  |h Other scheme  |i book  |m 0503474